Compendio de educación especial (Registro nro. 4613)

Detalles MARC
000 -CABECERA
Longitud fija campo de control 01047nam a2200289 i 4500
005 - • FECHA Y HORA DE LA ÚLTIMA TRANSACCIÓN
Fecha y hora de la última transacción 20220317000631.0
008 - • CÓDIGOS DE INFORMACIÓN DE LONGITUD FIJA
Códigos de información de longitud fija 160601s2000 mx a gs 000 0 und d
020 ## - • NÚMERO INTERNACIONAL NORMALIZADO PARA LIBROS
Número Internacional Normalizado para Libros (ISBN) 9684267681
040 ## - FUENTE DE LA CATALOGACIÓN
Centro catalogador de origen CO-BoRNBP
Lengua de catalogación spa
Centro transcriptor CO-BoRNBP
Normas de descripción rda
082 04 - • NÚMERO DE LA CLASIFICACIÓN DECIMAL DEWEY
Número de clasificación (R) 371.9043
Número del ítem S15c
100 1# - • PUNTO DE ACCESO PRINCIPAL-NOMBRE DE PERSONA
Nombre de persona Sánchez A., Pedro
Término indicativo de función autor
245 10 - • TITULO PROPIAMENTE DICHO
Título Compendio de educación especial
Mención de responsabilidad, etc. Pedro A. Sánchez Escobedo, Mary Beatriz Cantón Mayín, Dora Esperanza Sevilla Santo
250 ## - • MENCIÓN DE EDICIÓN
Mención de edición Primera edición
264 #1 - PRODUCCIÓN, PUBLICACIÓN , DISTRIBUCIÓN, FABRICACIÓN Y COPYRIGHT
Lugar de producción, publicación, distribución, fabricación México
Nombre del productor, editor, distribuidor, fabricante Manual Moderno
Fecha de de producción, publicación, distribución, fabricación o copyright 2000
300 ## - • DESCRIPCIÓN FÍSICA
Extensión 239 páginas
Otras características físicas ilustraciones
Dimensiones 23 cm
336 ## - TIPO DE CONTENIDO
Término de tipo de contenido texto
Código de tipo de contenido txt
Fuente rdacontent
337 ## - TIPO DE MEDIO
Nombre del tipo de medio sin mediación
Código del tipo de medio n
Fuente rdamedia
338 ## - TIPO DE SOPORTE
Nombre del tipo de soporte volumen
Código del tipo de soporte nc
Fuente rdacarrier
650 14 - • PUNTO DE ACCESO ADICIONAL DE MATERIA - TÉRMINO DE MATERIA
Término de materia o nombre geográfico como elemento inicial Educación especial
Fuente del encabezamiento o término LEMB
650 14 - • PUNTO DE ACCESO ADICIONAL DE MATERIA - TÉRMINO DE MATERIA
Término de materia o nombre geográfico como elemento inicial Trastornos del aprendizaje
Fuente del encabezamiento o término LEMB
650 14 - • PUNTO DE ACCESO ADICIONAL DE MATERIA - TÉRMINO DE MATERIA
Término de materia o nombre geográfico como elemento inicial Incapacidad mental
Fuente del encabezamiento o término LEMB
650 14 - • PUNTO DE ACCESO ADICIONAL DE MATERIA - TÉRMINO DE MATERIA
Término de materia o nombre geográfico como elemento inicial Niños incapacitados mentalmente
Fuente del encabezamiento o término LEMB
700 1# - • PUNTO DE ACCESO ADICIONAL - NOMBRE DE PERSONA
Nombre de persona Cantón Mayin, Mary Beatriz
700 1# - • PUNTO DE ACCESO ADICIONAL - NOMBRE DE PERSONA
Nombre de persona Sevilla Santo, Dora Esperanza
700 1# - • PUNTO DE ACCESO ADICIONAL - NOMBRE DE PERSONA
Nombre de persona Gómez López, Ma. Eugenia,
Término indicativo de función editora
942 ## - ENTRADA DE ELEMENTOS AGREGADOS (KOHA)
Fuente de clasificaión o esquema Dewey Decimal Classification
Koha [por defecto] tipo de item LIbro
Existencias
Perdido Fuente de clasificación o esquema Estado Físico No para préstamo Forma de adquisición Localización permanente Localización actual Localización en estanterías Fecha adquisición Préstamos totales Signatura completa Código de barras Fecha última consulta Número de copia Fecha del precio de reemplazo Tipo de item de Koha
  Dewey Decimal Classification     Colección General Biblioteca Pública Cumaral - Alvaro Garzon Torres Biblioteca Pública Cumaral - Alvaro Garzon Torres General 06/05/2024   371.9043S15c CUM00329 06/05/2024 Ej.1 06/05/2024 LIbro
  Dewey Decimal Classification     Colección General Biblioteca Pública Dorado Biblioteca Pública Dorado General 12/26/2022   371.9043 S15c DOR00380 12/26/2022 Ej.1 12/26/2022 LIbro
  Dewey Decimal Classification     Colección General Biblioteca Pública José Eustasio Rivera - San Martin Biblioteca Pública José Eustasio Rivera - San Martin General 07/11/2023   371.9043 S15c SM0001303 07/11/2023 Ej.1 07/11/2023 LIbro
  Dewey Decimal Classification     Colección General Biblioteca Pública Puerto López - Jorge Eliecer Gaitán Biblioteca Pública Puerto López - Jorge Eliecer Gaitán General 05/29/2025   371.9043 S15c PLZ02091 05/29/2025 Ej.1 05/29/2025 LIbro
  Dewey Decimal Classification     Colección General Biblioteca Pública Acacias - Carlos María Hernández Rojas Biblioteca Pública Acacias - Carlos María Hernández Rojas General 07/21/2025   371.9043 S15c ACA02752 07/21/2025 Ej.1 07/21/2025 LIbro
  Dewey Decimal Classification     Colección General Biblioteca Pública Barranca de Upia - María Dolores Herrera Biblioteca Pública Barranca de Upia - María Dolores Herrera General 07/31/2024   371.9043 S15c BUP01456 07/31/2024 Ej.1 07/31/2024 LIbro
  Dewey Decimal Classification     Colección General Biblioteca Pública Mapiripan Biblioteca Pública Mapiripan General 11/08/2023   371.9043 S15c MAP0000487 11/08/2023 Ej.1 11/08/2023 LIbro
  Clasificación Local Facetada     Colección General Biblioteca Pública Puerto Concordia Biblioteca Pública Puerto Concordia General 02/09/2026   371.9043 S15c PCON00871 02/09/2026 Ej.1 02/09/2026 LIbro
  Dewey Decimal Classification     Colección General Biblioteca Pública Puerto Rico Biblioteca Pública Puerto Rico General 02/10/2023   371.9043 S15c PR00000615 02/10/2023 Ej.1 02/10/2023 LIbro
  Dewey Decimal Classification     Colección General Biblioteca Pública Uribe - Reinerio Arenas Biblioteca Pública Uribe - Reinerio Arenas General 07/23/2024   371.9043 S15c URI00513 07/23/2024 Ej.1 07/23/2024 LIbro









Instituto Departamental de Cultura del Meta - Red Departamental de Bibliotecas Públicas del Meta.